000 01094nas a2200337 4500
001 BR2022000270
003 BR-BrBNA
005 20231205132235.0
007 ta
008 230509b bl.|||p| |||| 00| 00por d
040 _aBR-BrBNA
_bpor
_cBiblioteca Nacional de Agricultura
041 _a(En)
072 _aL10
100 1 _aFernandes Júnior, G.A.
100 1 _aLôbo, R.N.B.
100 1 _aVieira, L.S.
100 1 _aSousa, M.M.
100 1 _aLôbo, A.M.B.O.
100 1 _aFacó, O.
245 1 _aPerformance and parasite control of different genetic groups of lambs finished in irrigated pasture
650 _aCORDEIRO
650 _aINFECÇÃO
650 _aPARASITO
650 _aGANHO DE PESO
650 _aSELEÇÃO
650 _aRESISTÊNCIA GENÉTICA
773 0 _tArquivo Brasileiro de Medicina Veterinária e Zootecnia (Brazil)
_xISSN 1678-4162
_g(May-Jun 2015), v. 67(3) p. 732-740
_wBR2022000270
856 4 0 _uhttps://www.scielo.br/j/abmvz/a/X785YMC8NGxVD4J4JGH6Mtx/?format=pdf lang=en
909 _a202311
_bLúcia
_c55
_dLúcia Elande
942 _2AGRIS
_n0
_cANA
999 _c259236
_d259236